Movies Quiz

Random Movies or Actor Quiz

Actors by Words from Movie Titles Quiz Stats

 Plays Quiz Updated Nov 20, 2015

Challenge
Share
Tweet
Embed
Score 0/40 Timer 05:00
1 Play Today
Words from Movie Titles Actor % Correct
Edward, Chocolate, PiratesJohnny Depp
95.3%
Robot, Legend, IndependenceWill Smith
93.4%
Smoochy, Patch, DoubtfireRobin Williams
89.6%
Fever, Pulp, ShortyJohn Travolta
88.8%
Hunting, Ripley, SupremacyMatt Damon
83.1%
Button, Inglourious, LegendsBrad Pitt
81.8%
Ryan, Sleepless, HoochTom Hanks
78.8%
Marley, Dupree, ParisOwen Wilson
77.5%
Truman, Ventura, DumberJim Carrey
75.8%
Prizzi's, Eastwick, Cuckoo'sJack Nicholson
73.4%
Kicking, Talladega, BladesWill Ferrell
72.7%
Clayton, German, Ocean'sGeorge Clooney
72.2%
Fockers, Fear, TaxiRobert De Niro
72.2%
Lethal, Tequila, MaxMel Gibson
71.3%
Shanghai, Rush, RumbleJackie Chan
68.7%
Thunder, Moves, RiskyTom Cruise
67.1%
Bucket, Daisy, SpiderMorgan Freeman
66.5%
Animal, Blues, ContinentalJohn Belushi
65.1%
Knocked, Miri, HornetSeth Rogen
61.8%
Streetcar, Waterfront, MutinyMarlon Brando
59%
Words from Movie Titles Actor % Correct
Robin, Cinderella, BeautifulRussell Crowe
56.6%
Eight, Fidelity, MalkovichJohn Cusack
56.5%
Lebowski, Jagged, LightfootJeff Bridges
55.6%
Antwone, Training, Mo'Denzel Washington
55.4%
Cool, Bean, ButchPaul Newman
54.2%
Blade, Mosquito, CowboysHarrison Ford
54.2%
Carlito's, Afternoon, SeaAl Pacino
53.5%
Amigos, Scoundrels, BilkoSteve Martin
53.3%
Caine, Maltese, LargoHumphrey Bogart
52.1%
Northwest, Blandings, FridayCary Grant
50.8%
Gatsby, Condor, JeremiahRobert Redford
47.9%
Misty, Ugly, DrifterClint Eastwood
42.6%
Strangelove, Soup, PantherPeter Sellers
39.2%
Singin', Paris, TownGene Kelly
38.9%
Howards, Dragon, RemainsAnthony Hopkins
38.9%
Spider, Broadcast, AccidentalWilliam Hurt
30%
Escape, Cincinnati, ThomasSteve McQueen
20.9%
Stalag, Sunset, KwaiWilliam Holden
20.1%
Sucker, Chickadee, BeerW.C. Fields
17%
Paths, Lust, LeaguesKirk Douglas
13%

You're not logged in!

Compare scores with friends on all Sporcle quizzes.
OR
Log In

You Might Also Like...

Show Comments

Extras

Top Quizzes Today


Score Distribution

Your Account Isn't Verified!

In order to create a playlist on Sporcle, you need to verify the email address you used during registration. Go to your Sporcle Settings to finish the process.

Report this User

Report this user for behavior that violates our Community Guidelines.

Details: